| 000 | 00573nam a2200181Ia 4500 | ||
|---|---|---|---|
| 005 | 20250508153720.0 | ||
| 008 | 008 250505s9999 xx 000 0 eng d | ||
| 037 | _aBooks to be hide in OPAC | ||
| 040 |
_aFEDL _beng _cFEDL |
||
| 041 |
_aeng _2eng |
||
| 084 |
_a379.54142, WES _qFEDL |
||
| 245 | 0 | _aReport on public instruction in West Bengal for the year 1949-50 | |
| 245 | 0 | _cGovernment of West Bengal | |
| 260 |
_aBengal, India _bWest Bengal Government Press _c1953 |
||
| 300 | _a146p. | ||
| 942 |
_cHB _h379.54142, WES |
||
| 999 |
_c1344957 _d1344957 |
||